000 00608nam a2200169Ia 4500
008 090711s9999 xx 000 0 und d
082 _b41886
100 _aिSाात्ळे वि. सी.
245 _aहिदुस्थानSाी शासन पध्दति
260 _c1937
300 _a143
600 _aिSाात्ळे वि. सी.
630 _aहिदुस्थानSाी शासन पध्दति
700 _aिSाात्ळे वि. सी.
730 _aहिदुस्थानSाी शासन पध्दति
942 _cBOOK
999 _c293820
_d293820